00702nam a2200181 a 4500008004100000020001800041020001500059050001700074100002300091245010500114246003300219260004200252300003400294490004300328500006400371650003000435856005500465190724s1995 ||||||||||||||||| || u a9780201633795 a0201633795 aTS 156.6 Ran aRandall, Richard C10aRandall's practical guide to ISO 9000 : implementation, registration, and beyondcRichard C. Randall aPractical guide to ISO 9000. aReadingbAddison Wesley Pub. Coc1995 axx, 437 pages : illustrations aEngineering process improvement series aIncludes bibliographical references (p. 421-423) and index. 0aISO 9000 SERIES STANDARDS uhttp://www.loc.gov/catdir/toc/fy0712/95008178.html